000 01733nam0a2200349 4500
001 RU\NLR\bibl\1781427
005 20250616134918.0
010 _a978-5-85218-494-8
_9500
021 _aRU
_b2011-40784
_92893
035 _a(NLR Aleph) 001772177
090 _a1644774
_c1644774
100 _a20110620d2011 |||y0rusy50 ca
101 0 _arus
102 _aRU
105 _aa |||||||||
200 1 _aСтатус участников образовательного процесса: состояние и модернизация
_eмонография
_fН.П. Агафонова, Р.А. Брехач, Ю.Б. Сысуев
_gМ-во образования и науки Рос. Федерации, Гос. образоват. учреждение высш. проф. образования "Перм. гос. пед. ун-т"
210 _aПермь
_cредакционно-издательский отдел Пермского государственного педагогического университета
_d2011
215 _a114 с.
_cил.
_d21
320 _aБиблиогр.: с. 111-113 (35 назв.)
606 1 _aОбразование
_xПравовые вопросы
_yРоссийская Федерация
_92083170
_3RU\NLR\auth\661259219
686 _aЧ34(2Р)б
686 _aХ621.151
700 1 _aАгафонова
_bН. Н.
_gНаталия Николаевна
_4070
701 1 _aБрехач
_bР. А.
_gРодион Александрович
_4070
701 1 _aСысуев
_bЮ. Б.
_gЮрий Борисович
_4070
801 0 _aRU
_bNLR
_c20110620
_gRCR
801 1 _aRU
_bNLR
_c20110620
830 _aавт. по кн.
942 _cBOOK
980 _aNB
980 _aNBR